| 000 | 01073nam0a22002651 4500 | ||
|---|---|---|---|
| 001 | rc\4460659 | ||
| 005 | 20130416163111.6 | ||
| 035 | _a(NLR Aleph) 008324500 | ||
| 090 |
_a8777705 _c8777705 |
||
| 100 | _a20130416d1965 |||y0rusy50 ca | ||
| 101 | 0 | _arus | |
| 102 | _aRU | ||
| 105 | _aa z ||||| | ||
| 200 | 1 |
_aИнструкция по устройству и эксплуатации автомобилей и автомобильных кранов на комбинированном ходу _eУтв. 14/XI 1964 г. _fЦентр. упр. ж.-д. войск |
|
| 210 |
_aМосква _cВоениздат _d1965 |
||
| 215 |
_a152 с. _cил. _d21 |
||
| 300 | _aНа обороте тит. л. авт. разработки: инж.-подполк. Тэттэр В.И. и инж.-кап. Бардышев О.А. | ||
| 333 | _aПродаже не подлежит | ||
| 702 | 1 |
_aБардышев _bО. А. _4570 |
|
| 702 | 1 |
_aТэттэр _bВ. И. _4570 |
|
| 801 | 0 |
_aRU _bNLR _gpsbo |
|
| 801 | 1 |
_aRU _bELAR _2rusmarc |
|
| 852 |
_aNLR _j65-3/5088 |
||
| 942 | _cBOOK | ||
| 980 | _aNB | ||